00670cam a2200205 4500001001100000008004100011020001800052035001500070050002100085100001800106245008100124260003200205300001100237500001200248504002900260505000900289942001300298999001900311952013400330BFIL001535 1995 spa  a970-05-0582-0 aBFIL001535 4aPQ7296bG43 19951 aGlantz, Margo 0aSor Juana Ines de la Cruz : ¿hagiografia o autobiografia? /c Margo Glantz. aMéxico :bGrijalbo,c1995 a230 p. a1 ejem. aBibliografia: p. 217-230 aBFIL 2lcccLIB c129184d129184 102lcc4070aLIC-020bLIC-020cGENERALd2017-03-08f1a. ed.iHkEHoPQ7296 G43 1995pBFF000025205r2017-03-08 00:00:00tC:1yLIB